| 000 | 00961nam0a22002891 4500 | ||
|---|---|---|---|
| 001 | rc\2770139 | ||
| 005 | 20250806204257.0 | ||
| 035 | _a(NLR Aleph) 006896525 | ||
| 090 |
_a26443 _c26443 |
||
| 100 | _a20110915d1941 u y0rusy50 ca | ||
| 101 | 0 | _arus | |
| 102 | _aRU | ||
| 105 | _ay z ||||| | ||
| 200 | 1 | _aПособие для подготовки к сдаче ГТО I степени по лыжам | |
| 210 |
_aУфа _cгаз. "Комсомолец Башкирии" _d1941 |
||
| 215 |
_a38 с. _d14 см. |
||
| 300 | _aНа тит. л. авторы не указаны | ||
| 320 | _aБиблиогр.: с. 37 | ||
| 700 | 1 |
_aСвердлов _bЕ.С. _gЕвгений Самуилович |
|
| 701 | 1 |
_aЯблоков _bИ.В. |
|
| 801 | 0 |
_aRU _bNLR _gpsbo |
|
| 801 | 1 |
_aRU _bELAR _2rusmarc |
|
| 852 |
_aNLR _jФк02 Г-2/17 |
||
| 942 | _cBOOK | ||
| 945 | _aРоссийская национальная библиотека | ||
| 980 | _aNB | ||
| 980 | _aBV | ||